| 000 | 01595nam a22002297a 4500 | ||
|---|---|---|---|
| 999 |
_c59445 _d59445 |
||
| 003 | Ge_BSU | ||
| 005 | 20230217105946.0 | ||
| 008 | 230217s200 xxu||||| |||| 00| 0 geo d | ||
| 020 | _a9992858826 | ||
| 041 | _ageo | ||
| 080 | _a321(100)(09) : 34(100)(09) ჩ-48 | ||
| 100 |
_aჩერნილოვსკი, ზ.მ. _916963 |
||
| 245 |
_aსახელმწიფოსა და სამართლის მსოფლიო ისტორია : _b(საზღვარგარეთის ქვეყნების სახელმწიფოსა და სამართლის ისტორია). ტ. 1 / _cზ.მ. ჩერნილოვსკი ; მთარგმნელი ვალერი ლორია ; ქართული გამოცემის რედაქტორი მიხეილ კეკელია. |
||
| 250 | _aმე-2 გადამუშავებული და შევსებული გამოცემა. | ||
| 264 |
_aთბილისი : _bნეკერი, _c2003. |
||
| 300 |
_a268 გვ. _b21 სმ. |
||
| 653 | _aსაზღვარგარეთის ქვეყნების სახელმწიფოს ისტორია | ||
| 653 | _aსაზღვარგარეთის ქვეყნების სამართლის ისტორია | ||
| 700 |
_aლორია, ვალერი _eმთარგმნელი _912576 |
||
| 700 |
_aკეკელია, მიხეილ _eრედაქტორი _916964 |
||
| 942 |
_2udc _cBK |
||